| 000 | 01089nam a2200265Ia 4500 | ||
|---|---|---|---|
| 003 | OSt | ||
| 005 | 20250804182252.0 | ||
| 008 | 191128s9999 xx 000 0 und d | ||
| 040 | _a36 | ||
| 082 | _a330 .1 | ||
| 082 | _b B252f | ||
| 100 |
_aBeneyto, Juan, autor _944246 |
||
| 245 | 0 | _aDel feudo a la economía nacional : el ensanchamiento del ámbito económico en su proyección histórico / | |
| 245 | 0 | _cJuan Benyto | |
| 260 | _aEspaña | ||
| 260 | _bAguilar, | ||
| 260 | _c1953 | ||
| 300 | _axii, 185 páginas | ||
| 300 | _c 18 cm | ||
| 500 | _aBibliografía: páginas 169-185 Incluye datos biográficos del autor en la página xi | ||
| 505 | _aEl espacio en la historia -- La economía autárquica de la "villa" y del feudo -- La ciudad, nuevo protagonista -- La ruptura del ámbito urbano -- La economía regional : el reino -- El Estado moderno y la economía -- Metrópolis y colonias el esamblamiento | ||
| 546 | _aspa | ||
| 650 |
_aEconomía política -- Teorías Economía política -- Historia Economía política -- Teorías-- _944247 |
||
| 942 |
_2ddc _cBK |
||
| 999 |
_c5430 _d5430 |
||